000
00323nam a2200133Ia 4500
008
150301s2014 xx 000 0 und d
082
_a
610.7
_b
F14Y
100
_a
YALAYYASWAMY N.N.
245
_a
FIRS AID AND EMERGENCY NURSING
260
_b
C.B.S. DELHI
_c
2014
300
_a
188
650
_a
FIRST AID
942
_2
ddc
_c
BK
_0
4
999
_c
6828
_d
6828